Historia opuszczonego szałasu /

-д хадгалсан:
Номзүйн дэлгэрэнгүй
Үндсэн зохиолч: Grey Owl (1888-1938)
Бусад зохиолчид: Grosz, Wiktor (1907-1956) (Tł.), Misiek, Jan (1949- ) (Ilustracje)
Формат: Ном
Хэл сонгох:польш
англи
Хэвлэсэн: Gdańsk : Krajowa Agencja Wydawnicza, 1986
Хэвлэл:[Wyd. 2 i. e. 3 powojenne].
Нөхцлүүд:
Шошгууд: Шошго нэмэх
Шошго байхгүй, Энэхүү баримтыг шошголох эхний хүн болох!

MARC

LEADER 00000nam a2200000 i 4500
001 9914531315805606
005 20260515140228.0
008 971113s1986 pl# a pol d
020 |a 8303013939 
035 |a sym110364-48omnis_network 
035 |a (Sirsi) 115108 
035 |a (PL)b0001410658231 
040 |a Ł M  |c Ł M 
041 1 |a pol  |h eng 
080 |a 820(71)-93 
090 |c 132  |d 131 
100 1 |a Grey Owl  |d (1888-1938) 
245 1 0 |a Historia opuszczonego szałasu /  |c Grey Owl [pseud. ; tł. z ang. Aleksander Dobrot [pseud.] ; il. Jan Misiek]. 
250 |a [Wyd. 2 i. e. 3 powojenne]. 
260 |a Gdańsk :  |b Krajowa Agencja Wydawnicza,  |c 1986  |e (Gdań. :  |f ZG). 
300 |a 203, [5] s. :  |b il. ;  |c 20 cm. 
500 |a Nazwa aut.: George Stensfeld Belaney. Nazwa tł. : Grosz, Wiktor. 
500 |a Oryg.: "Tales of an empty cabin". 
534 |t Tales of an empty cabin. 
650 9 |a Literatura młodzieżowa kanadyjska 
700 1 |a Grosz, Wiktor  |d (1907-1956)  |e Tł. 
700 1 |a Misiek, Jan  |d (1949- )  |e Ilustracje 
920 |a 83-03-01393-9 
942 |c K 
952 |0 0  |1 0  |4 0  |6 R__78_000000000000000  |7 0  |9 124  |a RYT  |b RYT  |d 2026-05-12  |e 1/2014  |g 10.00  |l 0  |o R.78  |p 2000000000787  |r 2026-05-15 14:02:28  |w 2026-05-15  |y BK  |z da 
999 |c 124  |d 124